000 00722nam a2200289Ia 4500
005 20260324131521.0
008 008 260324s9999 xx 000 0 eng d
020 _a9781315237077
037 _aEBOOK
040 _aCRL
040 _beng
040 _cCRL
041 _2eng
041 _aeng
084 _qCRL
100 _aAnke Holdenried
_91185806
245 4 _aThe Sibyl and Her Scribes
245 0 _bManuscripts and Interpretation of the Latin Sibylla Tiburtina c. 1050–1500
260 _bTaylor and Francis
260 _c2006
365 _a
365 _b240
856 _uhttp://www.taylorfrancis.com/books/9781315237077
942 _cEBOOK
999 _c1783045
_d1783045